| 000 | 01454cam a22003498a 4500 | ||
|---|---|---|---|
| 001 | 14376701 | ||
| 005 | 20100212105708.0 | ||
| 008 | 060515s2006 nyu b 001 0 eng | ||
| 010 | _a 2006016000 | ||
| 020 | _a9780415544511 (hardback : alk. paper) | ||
| 040 |
_aDLC _cDLC _dDLC |
||
| 042 | _apcc | ||
| 043 | _aa-ii--- | ||
| 050 | 0 | 0 |
_aHQ1742 _b.L37 2006 |
| 082 | 0 | 0 |
_a305.48697 _222 _bLAM |
| 100 | 1 |
_aLambert-Hurley, Siobhan. _911724 |
|
| 245 | 1 | 0 |
_aMuslim women, reform and princely patronage : _bNawab Sultan Jahan Begam of Bhopal / _cSiobhan Lambert-Hurley. |
| 260 |
_aNew York, NY : _bRoutledge, _cc.2007. |
||
| 263 | _a0612 | ||
| 300 |
_a256p: _bill; _c20cm. |
||
| 440 | 0 |
_aRoyal Asiatic Society books _911725 |
|
| 500 | _aIncludes Index. | ||
| 504 | _aIncludes bibliographical references and index. | ||
| 600 | 1 | 0 |
_aSultan Jahan Begam, _cNawab of Bhopal, _d1858-1930. _911726 |
| 650 | 0 |
_aMuslim women _zIndia _xHistory. _911727 |
|
| 650 | 0 |
_aWomen in Islam _zIndia _xHistory. _911728 |
|
| 650 | 0 |
_aWomen social reformers _zIndia _xHistory. _911729 |
|
| 856 | 4 | 1 |
_3Table of contents only _uhttp://www.loc.gov/catdir/toc/ecip0614/2006016000.html |
| 942 |
_2ddc _cBB |
||
| 999 |
_c13472 _d13472 |
||